Historia de la legislación y recitaciones del derecho civil de España (Record no. 158748)

MARC details
000 -LEADER
campo de control de longitud fija 01089nam a2200241 i 4500
001 - NÚMERO DE CONTROL
campo de control 158748
003 - IDENTIFICADOR DE NÚMERO DE CONTROL
campo de control ES-MaACL
005 - FECHA Y HORA DE LA ÚLTIMA TRANSACCIÓN
campo de control 20230906211310.0
008 - DATOS DE LONGITUD FIJA--INFORMACIÓN GENERAL
campo de control de longitud fija 940202s1868 sp |||| | spa d
080 ## - NÚMERO DE LA CLASIFICACIÓN DECIMAL UNIVERSAL
Número de la Clasificación Decimal Universal 34(460.15)(091)
080 ## - NÚMERO DE LA CLASIFICACIÓN DECIMAL UNIVERSAL
Número de la Clasificación Decimal Universal 34(460.16)(091)
100 1# - ENTRADA PRINCIPAL--NOMBRE DE PERSONA
Nombre de persona Marichalar, Amalio
Títulos y otros términos asociados al nombre Marqués de Montesa.
9 (RLIN) 76703
245 10 - MENCIÓN DEL TÍTULO
Título Historia de la legislación y recitaciones del derecho civil de España
Resto del título : Fueros de Navarra, Vizcaya, Guipúzcoa y Álava /
Mención de responsabilidad, etc. por los abogados Amalio Marichalar, marqués de Montesa y Cayetano Manrique.
250 ## - MENCION DE EDICION
Mención de edición 2ª ed. corr. y aum.
260 ## - PUBLICACIÓN, DISTRIBUCIÓN, ETC.
Lugar de publicación, distribución, etc. Madrid :
Nombre del editor, distribuidor, etc. [s.n.],
Fecha de publicación, distribución, etc. 1868 (
Fabricante Imp. de los Señores Gasset, Loma y Compañía, a cargo de Diego Valero)
300 ## - DESCRIPCIÓN FÍSICA
Extensión 682 p. ;
Dimensiones 24 cm.
530 ## - NOTA DISPONIBLE DE FORMULARIO FÍSICO ADICIONAL
Nota de formato físico adicional disponible Disponible en formato digital.
650 ## - PUNTO DE ACCESO ADICIONAL DE MATERIA--TÉRMINO DE MATERIA
Término de materia o nombre geográfico como elemento de entrada Fueros-
Subdivisión geográfica País Vasco-
Subdivisión de forma Historia.
9 (RLIN) 150810
650 #4 - PUNTO DE ACCESO ADICIONAL DE MATERIA--TÉRMINO DE MATERIA
Término de materia o nombre geográfico como elemento de entrada Fueros-
Subdivisión geográfica Navarra (Comunidad Autónoma)-
Subdivisión de forma Historia.
9 (RLIN) 150811
700 1# - ENTRADA AGREGADA--NOMBRE PERSONAL
Nombre de persona Manrique, Cayetano.
9 (RLIN) 76093
852 ## - LOCALIZACIÓN
Ubicación ES-MaACL
Número de control de estantería G-15205
Nota libre - Enc. tela
856 ## - LOCALIZACIÓN Y ACCESO ELECTRÓNICOS
Identificador Uniforme de Recursos <a href="http://bdh-rd.bne.es/viewer.vm?id=0000092865&page=1 ">http://bdh-rd.bne.es/viewer.vm?id=0000092865&page=1 </a>
Nota pública Biblioteca Digital Hispánica
Holdings
Estatus retirado Estado de pérdida Estado de daño No para préstamo Colección Biblioteca de origen Biblioteca actual Ubicación en estantería Fecha de adquisición Fuente de adquisición Total de préstamos Signatura topográfica completa Código de barras Visto por última vez Precio de reemplazo Tipo de ítem Koha
        Colección digital Biblioteca del Ateneo de Madrid Biblioteca del Ateneo de Madrid Sala Pecera Planta 3 17/01/2008     G-15205 1166160 23/02/2023 23/02/2023 Libro impreso antiguo